[Event "XXX Festival Conca della Presolana A"]
[Site "Bratto - Castione della Presolana ITA"]
[Date "2010.08.??"]
[Round "9"]
[White "L'Ami, Erwin"]
[Black "Braga, Fernando Alberto"]
[WhiteElo "2620"]
[BlackElo "2435"]
[Result "1/2-1/2"]
[PlyCount "190"]
[EventDate "2010.08.20"]

1. d4 Nf6 2. c4 c5 3. d5 b5 4. cxb5 a6 5. bxa6 g6 6. Nc3 Bxa6 7. e4 Bxf1 8.
Kxf1 d6 9. g3 Bg7 10. Kg2 O-O 11. Nf3 Nbd7 12. Re1 Ng4 13. Re2 Qa5 14. Bd2 Rfb8
15. Be1 Qa6 16. Qc2 Nge5 17. Nxe5 Nxe5 18. Nd1 Nd3 19. Bc3 Bxc3 20. bxc3 Qc4
21. Ne3 Qa6 22. c4 Qa3 23. Rd2 Nb4 24. Qd1 Qc3 25. Rb1 Qe5 26. Qf3 h5 27. Rb3
Kg7 28. a3 Na6 29. Rdd3 Nc7 30. Qf4 Qa1 31. Qg5 Rxb3 32. Rxb3 f6 33. Qf4 Ra7
34. Qf3 Kf7 35. Nc2 Qc1 36. Qd3 h4 37. Ne3 hxg3 38. hxg3 Qa1 39. Qd2 Ne8 40.
Nc2 Qe5 41. Qe2 f5 42. Re3 fxe4 43. Rxe4 Qb2 44. Rf4+ Nf6 45. Qe6+ Kg7 46. Ne3
Qe5 47. Qc8 g5 48. Ng4 Qe2 49. Rf3 Qe4 50. Nxf6 exf6 51. Qe6 Qxe6 52. dxe6 Ra4
53. Rd3 Kf8 54. Rxd6 Ke7 55. Rc6 Rxc4 56. Ra6 Re4 57. Kf1 f5 58. f3 Re3 59. Kf2
f4 60. g4 Rc3 61. a4 Rc2+ 62. Ke1 Ra2 63. a5 c4 64. Kd1 c3 65. Kc1 Kf6 66. Kb1
Rb2+ 67. Kc1 Ra2 68. Ra8 Kxe6 69. a6 Kf7 70. Kb1 Ra3 71. Kc2 Kg7 72. Ra7+ Kg6
73. Kd3 Kh6 74. Ra8 Kg7 75. a7 Kh7 76. Ke4 c2 77. Rc8 Rxa7 78. Kf5 Ra3 79. Rc7+
Kh6 80. Rc6+ Kg7 81. Kxg5 Rxf3 82. Rc7+ Kg8 83. Kg6 Kf8 84. g5 Rf2 85. Kf6 Ke8
86. g6 Rg2 87. g7 f3 88. Rxc2 f2 89. Rc8+ Kd7 90. Rc1 Kd6 91. Rf1 Kd5 92. Kf7
Ke4 93. g8=Q Rxg8 94. Kxg8 Kf3 95. Rxf2+ Kxf2 1/2-1/2

[Event "XXX Festival Conca della Presolana A"]
[Site "Bratto - Castione della Presolana ITA"]
[Date "2010.08.??"]
[Round "9"]
[White "Olszewski, Michal"]
[Black "Borgo, Giulio"]
[WhiteElo "2543"]
[BlackElo "2419"]
[Result "1-0"]
[PlyCount "60"]
[EventDate "2010.08.20"]

1. e4 e5 2. Nf3 d6 3. d4 exd4 4. Nxd4 Nf6 5. Nc3 Be7 6. g3 Bg4 7. f3 Bd7 8. Bg2
Nc6 9. Nde2 O-O 10. O-O Rb8 11. g4 b5 12. g5 Nh5 13. f4 g6 14. b3 Re8 15. Bb2
Bf8 16. Nd5 Ne7 17. Ng3 Nxd5 18. Nxh5 c5 19. Qxd5 gxh5 20. f5 Bg7 21. Bxg7 Kxg7
22. Qxd6 Rb6 23. Qf4 Qb8 24. Qh4 Qe5 25. Qxh5 f6 26. Rad1 Re7 27. Rd5 Qc3 28.
e5 Qe3+ 29. Kh1 Be8 30. gxf6+ Kh8 1-0

[Event "XXX Festival Conca della Presolana A"]
[Site "Bratto - Castione della Presolana ITA"]
[Date "2010.08.??"]
[Round "9"]
[White "Rombaldoni, Denis"]
[Black "Godena, Michele"]
[WhiteElo "2493"]
[BlackElo "2548"]
[Result "1-0"]
[PlyCount "77"]
[EventDate "2010.08.20"]

1. d4 d5 2. Nf3 c5 3. c4 cxd4 4. cxd5 Qxd5 5. Nc3 Qa5 6. Nxd4 Nf6 7. Nb3 Qc7 8.
Bg5 Nc6 9. e4 e6 10. Rc1 Be7 11. Bd3 O-O 12. O-O Rd8 13. Qe2 Ng4 14. Qxg4 Rxd3
15. Nb5 Qd8 16. Bxe7 Qxe7 17. Qe2 Rd8 18. e5 Qb4 19. f4 Bd7 20. Nd6 Ne7 21. Rc4
Qb6+ 22. Qf2 Nf5 23. Qxb6 axb6 24. Nxf5 exf5 25. Rd1 Bc6 26. Rxd8+ Rxd8 27. Nd4
b5 28. Rb4 g6 29. Kf2 Rd5 30. Ke3 Kf8 31. Rb3 Ke7 32. Rc3 Kd7 33. b4 Kc7 34.
Nxc6 bxc6 35. Rd3 Rxd3+ 36. Kxd3 h6 37. h4 h5 38. Kd4 Kb6 39. g3 1-0

[Event "XXXVII C.to Italiano femminile"]
[Site "Bratto - Castione della Presolana ITA"]
[Date "2010.08.20"]
[Round "1"]
[White "Brunello, Marina"]
[Black "Casolino, Rosamaria"]
[WhiteElo "2216"]
[BlackElo "1812"]
[Result "1/2-1/2"]
[PlyCount "88"]
[EventDate "2010.08.20"]

1. e4 c5 2. c3 a6 3. d4 cxd4 4. cxd4 d5 5. exd5 Nf6 6. Nc3 Nxd5 7. Bc4 e6 8.
Nf3 Nc6 9. O-O Be7 10. a3 O-O 11. Qd3 Nxc3 12. bxc3 Bf6 13. a4 b6 14. Rd1 Bb7
15. Bb3 Re8 16. Nd2 Ne5 17. Qe2 Ng6 18. Ne4 Rc8 19. Bd2 Be7 20. Rab1 Qc7 21. f3
Nf4 22. Bxf4 Qxf4 23. Bc4 Qc7 24. Bxa6 Bxa6 25. Qxa6 f5 26. Ng3 Qxc3 27. Qxb6
Rc6 28. Qb2 Qxb2 29. Rxb2 Ra8 30. Rb7 Bf6 31. Rb4 Be7 32. Rbb1 Rxa4 33. d5 exd5
34. Nxf5 Bc5+ 35. Kh1 g6 36. Nh6+ Kg7 37. Ng4 Bd4 38. Rb7+ Kg8 39. Re1 Ra1 40.
Rb8+ Kf7 41. Rb7+ Kf8 42. Rb8+ Kg7 43. Rb7+ Kf8 44. Rb8+ Kg7 1/2-1/2

[Event "XXXVII C.to Italiano femminile"]
[Site "Bratto - Castione della Presolana ITA"]
[Date "2010.08.20"]
[Round "1"]
[White "Restifo, Katiuscia"]
[Black "Arnetta, Maria Teresa"]
[WhiteElo "1796"]
[BlackElo "2077"]
[Result "0-1"]
[PlyCount "78"]
[EventDate "2010.08.20"]

1. e4 c5 2. Nf3 Nc6 3. d3 d6 4. c3 Nf6 5. Na3 Bg4 6. Be2 e5 7. Bg5 Be7 8. O-O
h6 9. Bd2 O-O 10. b3 d5 11. exd5 Nxd5 12. Nc4 Bf6 13. Qc2 Nf4 14. Bxf4 exf4 15.
a3 Re8 16. Rfe1 Bf5 17. Rad1 b5 18. Nb2 Rc8 19. Bf1 Qa5 20. Rxe8+ Rxe8 21. Rc1
Qxa3 22. Nd2 Qa5 23. Ne4 Be5 24. Nd1 Qb6 25. Qa2 a5 26. Qe2 Be6 27. Rb1 b4 28.
cxb4 cxb4 29. Qh5 Qd4 30. Rc1 Bd5 31. Nc5 Bd6 32. Nb7 Bf8 33. Rb1 Ne5 34. Nb2
Bxb7 35. Nc4 Nxd3 36. Rd1 Qxf2+ 37. Kh1 Re1 38. Rxe1 Bxg2+ 39. Bxg2 Qxe1+ 0-1

[Event "XXXVII C.to Italiano femminile"]
[Site "Bratto - Castione della Presolana ITA"]
[Date "2010.08.??"]
[Round "2"]
[White "Arnetta, Maria Teresa"]
[Black "Arnetta, Marianna"]
[Result "1-0"]
[WhiteElo "2077"]
[BlackElo "1943"]
[PlyCount "69"]
[EventDate "2010.08.20"]

1. e4 e6 2. d4 d5 3. Bd3 Nf6 4. e5 Nfd7 5. Nf3 c5 6. c3 Nc6 7. O-O Be7 8. Re1
Qb6 9. Bc2 a5 10. a3 c4 11. a4 Qc7 12. Na3 Na7 13. Bg5 Nb6 14. Qb1 h6 15. Bxe7
Qxe7 16. Nd2 Bd7 17. Qd1 O-O 18. Re3 f5 19. exf6 Rxf6 20. Nf3 Raf8 21. Nb1 Be8
22. Nbd2 Bh5 23. Qb1 Nac8 24. b3 Nd6 25. b4 axb4 26. Qxb4 Nbc8 27. Rae1 g5 28.
Re5 Bxf3 29. Nxf3 g4 30. Nh4 Ne4 31. Bxe4 dxe4 32. R5xe4 Qg7 33. Rxe6 Kh8 34.
Qxc4 Nb6 35. Qd3 1-0

[Event "XXXVII C.to Italiano femminile"]
[Site "Bratto - Castione della Presolana ITA"]
[Date "2010.08.??"]
[Round "2"]
[White "Messina, Roberta"]
[Black "De Rosa, Mariagrazia"]
[Result "0-1"]
[WhiteElo "1916"]
[BlackElo "2073"]
[PlyCount "80"]
[EventDate "2010.08.20"]

1. Nf3 Nf6 2. b3 e6 3. Bb2 c5 4. e3 Be7 5. c4 Nc6 6. Be2 O-O 7. O-O d5 8. cxd5
exd5 9. d4 b6 10. Ne5 Nxe5 11. dxe5 Ne8 12. Bd3 f5 13. Qc2 Nc7 14. Nc3 g6 15.
Rfd1 Qe8 16. Nxd5 Nxd5 17. Bc4 Be6 18. Bxd5 Bxd5 19. Rxd5 f4 20. exf4 Rxf4 21.
Rad1 Qf7 22. Qc3 Qe6 23. Rd7 Raf8 24. f3 c4 25. b4 b5 26. Rxa7 Qb6+ 27. Kh1
Qxa7 28. Bc1 Rh4 29. g3 Rh3 30. Kg2 Rh5 31. a3 Rhf5 32. Be3 Rxf3 33. Qxc4+ bxc4
34. Bxa7 Rxa3 35. Rd7 Bxb4 36. e6 Ra2+ 37. Kh3 Re8 38. Bd4 Rxe6 39. Rd8+ Kf7
40. Rh8 h5 0-1

[Event "XXXVII C.to Italiano femminile"]
[Site "Bratto - Castione della Presolana ITA"]
[Date "2010.08.??"]
[Round "3"]
[White "Barbiso, Tiziana"]
[Black "Arnetta, Maria Teresa"]
[Result "1-0"]
[WhiteElo "2016"]
[BlackElo "2077"]
[PlyCount "123"]
[EventDate "2010.08.20"]

1. e4 Nc6 2. Nc3 Nf6 3. d4 d5 4. e5 Ng8 5. f4 h5 6. Qd3 Nh6 7. Nf3 a6 8. Nh4
Nb4 9. Qd1 Bg4 10. Be2 e6 11. Nf3 Bf5 12. Bd3 Nxd3+ 13. cxd3 Be7 14. Be3 Bh4+
15. Nxh4 Qxh4+ 16. g3 Qe7 17. h3 Qb4 18. Qd2 Ng8 19. a3 Qb3 20. Kf2 Ne7 21.
Rag1 O-O-O 22. Kf3 Kb8 23. g4 Bg6 24. Bf2 Nc6 25. Kg2 Qb6 26. Ne2 Qb5 27. Rd1
hxg4 28. hxg4 Rxh1 29. Kxh1 Rh8+ 30. Kg2 Qb3 31. Ng3 Ne7 32. Ne2 Be4+ 33. Kg3
Bg6 34. Nc3 Nc6 35. Be3 Qb6 36. Qf2 Na5 37. f5 exf5 38. gxf5 Bxf5 39. Qxf5 Qxb2
40. Bd2 Nb3 41. Qf2 Qc2 42. Be1 Nxd4 43. Qxc2 Nxc2 44. a4 c6 45. Bf2 Nb4 46.
Bc5 a5 47. Bb6 Na6 48. Bxa5 Ka7 49. Rb1 Rh5 50. Bb6+ Ka8 51. d4 Rg5+ 52. Kf4
Rh5 53. Rg1 g6 54. Kf3 Nb4 55. Ne2 Nd3 56. Nf4 Nxf4 57. Kxf4 Kb8 58. Kg4 Kc8
59. Rf1 Rh7 60. Rf6 Kd7 61. Rd6+ Ke7 62. Bd8+ 1-0

[Event "XXXVII C.to Italiano femminile"]
[Site "Bratto - Castione della Presolana ITA"]
[Date "2010.08.??"]
[Round "3"]
[White "De Rosa, Mariagrazia"]
[Black "Chierici, Marianna"]
[Result "1-0"]
[WhiteElo "2073"]
[BlackElo "2016"]
[PlyCount "79"]
[EventDate "2010.08.20"]

1. e4 c5 2. Nf3 d6 3. d4 cxd4 4. Nxd4 Nf6 5. Nc3 g6 6. Be3 a6 7. f3 b5 8. a4 b4
9. Nd5 Nxd5 10. exd5 Bb7 11. Bc4 Qc7 12. Bb3 Nd7 13. O-O Bg7 14. Qd2 Nb6 15.
Rfe1 O-O 16. Bh6 Bxh6 17. Qxh6 Qc5 18. Re4 f5 19. Rh4 Rf7 20. Kh1 Bc8 21. Re1
Nxd5 22. Qd2 e5 23. Nxf5 Bxf5 24. Qxd5 Qxd5 25. Bxd5 Rb8 26. Bxf7+ Kxf7 27.
Rxh7+ Ke6 28. Rc7 b3 29. cxb3 Rxb3 30. g4 Bd3 31. Rc3 Rxc3 32. bxc3 Kd5 33. h4
Kc4 34. h5 gxh5 35. gxh5 Kb3 36. a5 Kc2 37. h6 Bf5 38. c4 Kc3 39. c5 Kd2 40.
Re4 1-0

[Event "XXXVII C.to Italiano femminile"]
[Site "Bratto - Castione della Presolana ITA"]
[Date "2010.08.??"]
[Round "4"]
[White "Brunello, Roberta"]
[Black "De Rosa, Mariagrazia"]
[Result "0-1"]
[WhiteElo "2064"]
[BlackElo "2073"]
[PlyCount "58"]
[EventDate "2010.08.20"]

1. e4 c5 2. c3 d5 3. exd5 Qxd5 4. d4 Nf6 5. Nf3 Bg4 6. Be2 e6 7. O-O Nc6 8. h3
Bh5 9. Be3 cxd4 10. cxd4 Be7 11. Nc3 Qd6 12. a3 O-O 13. Qb3 Rfd8 14. Rfd1 Rac8
15. Rac1 Nd5 16. Nxd5 Qxd5 17. Qxb7 Nxd4 18. Qa6 Rxc1 19. Rxc1 Nxf3+ 20. Bxf3
Bxf3 21. gxf3 Qxf3 22. Qxa7 Bf6 23. b4 Qxh3 24. Qc7 h5 25. b5 Rd5 26. b6 Be5
27. Qc8+ Kh7 28. b7 Bh2+ 29. Kh1 Bf4+ 0-1

[Event "XXXVII C.to Italiano femminile"]
[Site "Bratto - Castione della Presolana ITA"]
[Date "2010.08.??"]
[Round "4"]
[White "Chierici, Marianna"]
[Black "Barbiso, Tiziana"]
[Result "1-0"]
[WhiteElo "2016"]
[BlackElo "2016"]
[PlyCount "80"]
[EventDate "2010.08.20"]

1. e4 e6 2. Nf3 d5 3. Nc3 Nf6 4. e5 Nfd7 5. d4 c5 6. dxc5 Bxc5 7. Bd3 b6 8. Qe2
Nc6 9. Bf4 Nb4 10. O-O-O Nxd3+ 11. Qxd3 Be7 12. Nd4 Bb7 13. Qg3 g6 14. h4 Qc7
15. Rhe1 a6 16. Bg5 Nc5 17. f3 h6 18. Bd2 O-O-O 19. Kb1 Kb8 20. Qf4 Rdf8 21.
Qg4 Ka8 22. Qh3 Nd7 23. Qg3 Qc4 24. Nce2 Rc8 25. Bc3 g5 26. hxg5 hxg5 27. Rh1
Qc7 28. Nb3 d4 29. Rxh8 Rxh8 30. Bxd4 Qc4 31. Nc3 Rh4 32. Be3 Qc7 33. Bxg5 Bxg5
34. Qxg5 Rh8 35. Qe7 Bc6 36. Nd4 Kb7 37. Nxc6 Qxc6 38. Qxd7+ Qxd7 39. Rxd7+ Kc6
40. Rd6+ Kc7 1-0

[Event "XXXVII C.to Italiano femminile"]
[Site "Bratto - Castione della Presolana ITA"]
[Date "2010.08.??"]
[Round "5"]
[White "De Rosa, Mariagrazia"]
[Black "Arnetta, Maria Teresa"]
[Result "1-0"]
[WhiteElo "2073"]
[BlackElo "2077"]
[PlyCount "99"]
[EventDate "2010.08.20"]

1. e4 e6 2. d4 d5 3. e5 c5 4. c3 Nc6 5. Nf3 Nh6 6. a3 f6 7. b4 cxd4 8. cxd4
fxe5 9. Bxh6 gxh6 10. Nxe5 Nxe5 11. dxe5 Qc7 12. Qh5+ Kd8 13. Nd2 Qc3 14. Rd1
Bd7 15. Be2 Qxa3 16. O-O Qxb4 17. Nf3 Qe7 18. Rb1 Be8 19. Qg4 h5 20. Qf4 Bg7
21. Nd4 Rf8 22. Qe3 Rc8 23. Qh3 Rc6 24. Nxc6+ Bxc6 25. Qe3 Qc7 26. f4 Bh6 27.
Bxh5 Rf5 28. Bg4 Rf7 29. Bxe6 Rg7 30. Qd4 Qa5 31. Ra1 Qb6 32. Qxb6+ axb6 33.
Rad1 d4 34. Rxd4+ Ke7 35. Bd5 Bb5 36. Rb1 Ba6 37. Rxb6 Rg6 38. Rxg6 hxg6 39.
Rb4 Kd8 40. g3 Bf8 41. Rb3 Bc5+ 42. Kg2 b6 43. Kf3 Ke7 44. h4 Bc8 45. g4 Kf8
46. Rb1 Bd4 47. Rc1 Bc5 48. Ra1 Bd7 49. Ra8+ Ke7 50. h5 1-0

[Event "XXXVII C.to Italiano femminile"]
[Site "Bratto - Castione della Presolana ITA"]
[Date "2010.08.??"]
[Round "5"]
[White "Barbiso, Tiziana"]
[Black "Brunello, Roberta"]
[Result "1/2-1/2"]
[WhiteElo "2016"]
[BlackElo "2064"]
[PlyCount "91"]
[EventDate "2010.08.20"]

1. e4 e5 2. Nf3 Nc6 3. d4 exd4 4. Nxd4 Bc5 5. Nxc6 Qf6 6. Qd2 dxc6 7. Nc3 Bd7
8. Na4 Bd4 9. c3 Be5 10. Qe3 Bd6 11. Nc5 Bxc5 12. Qxc5 Ne7 13. Bg5 Qd6 14. Qe3
Ng6 15. Bc4 f6 16. Rd1 Qe5 17. Qd3 O-O-O 18. Be3 Bg4 19. Bd4 Bxd1 20. Qh3+ Bg4
21. Qxg4+ f5 22. Bxe5 fxg4 23. Bxg7 Rhe8 24. f3 Ne5 25. Be2 gxf3 26. gxf3 Ng6
27. Bh6 Rd6 28. Rg1 Nh4 29. Be3 Rf6 30. Rg3 Nf5 31. exf5 Rxe3 32. Kf2 Re7 33.
Bd3 Rd7 34. Bc4 Rd8 35. Be6+ Kb8 36. Ke3 Re8 37. Rh3 Re7 38. Rg3 b5 39. Ke4
Rexe6+ 40. fxe6 Rxe6+ 41. Kd3 Re1 42. Rg2 Kc8 43. Rf2 Kd7 44. f4 Rd1+ 45. Ke3
Ke6 46. Rd2 1/2-1/2

[Event "XXXVII C.to Italiano femminile"]
[Site "Bratto - Castione della Presolana ITA"]
[Date "2010.08.??"]
[Round "6"]
[White "Reginato, Sabrina"]
[Black "De Rosa, Mariagrazia"]
[Result "1/2-1/2"]
[WhiteElo "1928"]
[BlackElo "2073"]
[PlyCount "89"]
[EventDate "2010.08.20"]

1. e4 c5 2. Nf3 d6 3. d4 cxd4 4. Nxd4 Nf6 5. Nc3 a6 6. h3 e6 7. g4 h6 8. Bg2
Qc7 9. O-O Nc6 10. Be3 Be7 11. Qd2 Bd7 12. Kh1 b5 13. f4 Rc8 14. g5 hxg5 15.
fxg5 Ng4 16. Qe2 Nxe3 17. Qxe3 Ne5 18. Nce2 Qd8 19. Nf3 Ng4 20. Qf4 e5 21. Qd2
Qb6 22. Neg1 Qe3 23. Rad1 Be6 24. c3 Qxe4 25. g6 Qe3 26. gxf7+ Bxf7 27. Qc2 Qf4
28. Rde1 Ne3 29. Rxe3 Qxe3 30. Re1 Qf4 31. Rf1 Qc4 32. Qf5 Qe6 33. Qe4 Bg6 34.
Qe3 Bf5 35. Qe1 Bd3 36. Rf2 Qxa2 37. Nxe5 dxe5 38. Qxe5 Qc4 39. Bd5 Qc7 40.
Qxg7 Rh4 41. Qg8+ Kd7 42. Qe6+ Kd8 43. Qg8+ Kd7 44. Qe6+ Kd8 45. Qg8+ 1/2-1/2

[Event "XXXVII C.to Italiano femminile"]
[Site "Bratto - Castione della Presolana ITA"]
[Date "2010.08.??"]
[Round "6"]
[White "Brunello, Roberta"]
[Black "Chierici, Marianna"]
[Result "0-1"]
[WhiteElo "2064"]
[BlackElo "2016"]
[PlyCount "72"]
[EventDate "2010.08.20"]

1. e4 c5 2. c3 g6 3. d4 cxd4 4. cxd4 d5 5. e5 Bg7 6. h3 Nc6 7. Nf3 f6 8. Bf4
Qb6 9. Qd2 Nxd4 10. exf6 Nxf3+ 11. gxf3 Nxf6 12. Nc3 O-O 13. Bg2 Bf5 14. O-O e6
15. Rac1 Rac8 16. Ne2 Nh5 17. Be3 Qxb2 18. Qxb2 Bxb2 19. Rxc8 Rxc8 20. Bxa7 Ra8
21. Bd4 Rxa2 22. Nc1 Bxc1 23. Rxc1 Bc2 24. Bf1 Nf4 25. h4 Kf7 26. Be5 Nh5 27.
Be2 Nf6 28. Bd1 Nd7 29. Bxc2 Nxe5 30. Bb3 Nxf3+ 31. Kg2 Nxh4+ 32. Kh3 Ra3 33.
Rc7+ Kf6 34. Rxb7 Nf5 35. Kg2 Nd4 36. Bd1 h5 0-1

[Event "XXXVII C.to Italiano femminile"]
[Site "Bratto - Castione della Presolana ITA"]
[Date "2010.08.??"]
[Round "7"]
[White "De Rosa, Mariagrazia"]
[Black "Barbiso, Tiziana"]
[Result "1/2-1/2"]
[WhiteElo "2073"]
[BlackElo "2016"]
[PlyCount "95"]
[EventDate "2010.08.20"]

1. e4 e6 2. d4 d5 3. e5 c5 4. c3 Nc6 5. Nf3 Qb6 6. a3 Bd7 7. b4 cxd4 8. cxd4
Rc8 9. Be3 Nh6 10. Bd3 Nf5 11. O-O Be7 12. Nbd2 Nxe3 13. fxe3 Nb8 14. Qe2 Ba4
15. Rac1 O-O 16. Nb1 Rxc1 17. Rxc1 h6 18. h4 Qd8 19. Nc3 Bc6 20. h5 f5 21. exf6
Bxf6 22. Bb1 Qe7 23. Qd3 g5 24. hxg6 Qg7 25. b5 Be8 26. Ne2 Bg5 27. Ng3 Bxg6
28. Qe2 Bxb1 29. Rxb1 Be7 30. Nh5 Qg6 31. Nd2 Bd6 32. Rc1 Nd7 33. a4 Qg5 34.
Rf1 Rxf1+ 35. Nxf1 Nb6 36. a5 Nc4 37. e4 Qh4 38. a6 bxa6 39. bxa6 Be7 40. Nfg3
Bd6 41. Qd3 Bxg3 42. Qxg3+ Qxg3 43. Nxg3 Nb6 44. Kf2 Nd7 45. exd5 exd5 46. Nf5
Kh7 47. Ne7 Nb8 48. Nc8 1/2-1/2

[Event "XXXVII C.to Italiano femminile"]
[Site "Bratto - Castione della Presolana ITA"]
[Date "2010.08.??"]
[Round "8"]
[White "Brunello, Marina"]
[Black "De Rosa, Mariagrazia"]
[Result "0-1"]
[WhiteElo "2216"]
[BlackElo "2073"]
[PlyCount "92"]
[EventDate "2010.08.20"]

1. e4 c5 2. c3 d5 3. exd5 Qxd5 4. d4 g6 5. Nf3 Bg7 6. Be3 cxd4 7. cxd4 Nf6 8.
Nc3 Qa5 9. Bc4 O-O 10. O-O Nbd7 11. a3 Nb6 12. b4 Qh5 13. Be2 Nfd5 14. Rc1 Nxe3
15. fxe3 Bh6 16. Qd2 Bg4 17. h3 Be6 18. Ne5 Qg5 19. Rf3 Nd5 20. Ne4 Qxe3+ 21.
Rxe3 Bxe3+ 22. Qxe3 Nxe3 23. Rc7 Rfe8 24. Bf3 Bd5 25. g4 Rac8 26. Rd7 Red8 27.
Rxe7 Kf8 28. Rd7 Rxd7 29. Nxd7+ Ke7 30. Ndf6 Bxe4 31. Nxe4 Nc2 32. d5 Nxa3 33.
d6+ Kd8 34. Nc5 b6 35. Nb7+ Kd7 36. g5 Rc1+ 37. Kf2 Nc4 38. Bg4+ Kc6 39. d7
Rc2+ 40. Ke1 Rc1+ 41. Ke2 Rc2+ 42. Kd3 Rd2+ 43. Kxc4 Kxb7 44. b5 Kc7 45. Kc3
Rd5 46. Kc4 Rxg5 0-1

[Event "XXXVII C.to Italiano femminile"]
[Site "Bratto - Castione della Presolana ITA"]
[Date "2010.08.??"]
[Round "8"]
[White "Arnetta, Maria Teresa"]
[Black "Chierici, Marianna"]
[Result "1-0"]
[WhiteElo "2077"]
[BlackElo "2016"]
[PlyCount "95"]
[EventDate "2010.08.20"]

1. e4 c5 2. Nf3 d6 3. Bb5+ Bd7 4. Bxd7+ Qxd7 5. O-O Nc6 6. c3 g6 7. d4 cxd4 8.
cxd4 Bg7 9. Nc3 e6 10. Re1 Nge7 11. d5 Ne5 12. Nxe5 dxe5 13. dxe6 Qxe6 14. Nb5
Qc6 15. Qb3 a6 16. Nc3 O-O 17. Bg5 Bf6 18. Be3 Rfd8 19. Rac1 Rd3 20. Qc2 Rd6
21. Qe2 Rc8 22. Nd5 Qe8 23. Bc5 Nxd5 24. Bxd6 Nf4 25. Qg4 Rd8 26. Rcd1 h5 27.
Qf3 g5 28. h3 Qe6 29. Bb4 Qxa2 30. Rxd8+ Bxd8 31. Qc3 Qe6 32. Qc5 Bb6 33. Qf8+
Kh7 34. Rd1 Bd4 35. Qe7 Qb3 36. Rf1 Nxh3+ 37. Kh2 Nxf2 38. Be1 Ng4+ 39. Kh1 Nh6
40. Qxg5 Qe3 41. Qxh5 Kg7 42. Bh4 Qd3 43. Re1 Qd2 44. Rd1 Qxb2 45. Bg5 Ng8 46.
Qg4 Kf8 47. Rc1 Bc3 48. Qc8+ 1-0

[Event "I Festival del Fermano A"]
[Site "Fermo ITA"]
[Date "2010.08.21"]
[Round "1"]
[White "Antonelli, Alessandro"]
[Black "Epishin, Vladimir V."]
[Result "0-1"]
[WhiteElo "1981"]
[BlackElo "2598"]
[PlyCount "92"]
[EventDate "2010.08.21"]

1. d4 g6 2. c4 Bg7 3. Nc3 c5 4. d5 f5 5. Nf3 d6 6. Qc2 Nf6 7. e3 O-O 8. Bd3 e6
9. dxe6 Nc6 10. a3 Bxe6 11. O-O Ng4 12. b3 Qf6 13. Bb2 f4 14. exf4 Qxf4 15. Ne2
Qf7 16. Bxg7 Qxg7 17. Rae1 Rae8 18. h3 Rxf3 19. hxg4 Rff8 20. g5 Bg4 21. Be4
Qe5 22. Bd5+ Kg7 23. Ng3 Qxg5 24. Ne4 Nd4 25. Qc3 Qe5 26. Qd3 b6 27. b4 Qf4 28.
Re3 Re5 29. bxc5 dxc5 30. f3 Bf5 31. Rfe1 Rfe8 32. Qc3 Bxe4 33. Bxe4 h5 34. Qb2
h4 35. Qf2 g5 36. a4 R8e7 37. Ra3 Qf6 38. a5 g4 39. axb6 axb6 40. Rae3 gxf3 41.
gxf3 Qf4 42. Kh1 Rg5 43. Bd5 Rxe3 44. Qxe3 Qxe3 45. Rxe3 Kf6 46. Re8 b5 0-1

[Event "I Festival del Fermano A"]
[Site "Fermo ITA"]
[Date "2010.08.21"]
[Round "1"]
[White "Arana Garate, Jon"]
[Black "Salvador, Roland"]
[Result "0-1"]
[WhiteElo "1959"]
[BlackElo "2498"]
[PlyCount "88"]
[EventDate "2010.08.21"]

1. d4 Nf6 2. c4 e6 3. Nc3 Bb4 4. Qc2 O-O 5. a3 Bxc3+ 6. Qxc3 Ne4 7. Qc2 f5 8.
Nf3 b6 9. g3 Bb7 10. Bg2 a5 11. O-O Nf6 12. b3 Be4 13. Qc3 Qe8 14. Ne1 Bxg2 15.
Nxg2 Nc6 16. f3 a4 17. b4 d5 18. Nf4 e5 19. dxe5 d4 20. Qc2 Qxe5 21. Nd3 Qe7
22. Re1 h6 23. Bd2 Nh5 24. e3 Rad8 25. b5 Ne5 26. Nxe5 Qxe5 27. exd4 Qxd4+ 28.
Be3 Qd3 29. Qxd3 Rxd3 30. c5 f4 31. cxb6 cxb6 32. gxf4 Rf6 33. Kf2 Nxf4 34.
Bxf4 Rxf4 35. Re3 Rd2+ 36. Kg3 Rf5 37. Re4 Rg5+ 38. Rg4 Rxg4+ 39. fxg4 Rb2 40.
Rd1 Rxb5 41. Rd4 Rb3+ 42. Kf4 Rxa3 43. Ke4 b5 44. Rb4 Rb3 0-1

[Event "I Festival del Fermano A"]
[Site "Fermo ITA"]
[Date "2010.08.21"]
[Round "1"]
[White "Burani, Eugenio"]
[Black "Certic, Branimir"]
[Result "0-1"]
[WhiteElo "1947"]
[BlackElo "2421"]
[PlyCount "64"]
[EventDate "2010.08.21"]

1. e4 e6 2. d4 d5 3. e5 c5 4. c3 Ne7 5. Nf3 Nec6 6. a3 a5 7. Be2 b6 8. Bg5 Qd7
9. Nbd2 Ba6 10. O-O cxd4 11. cxd4 h6 12. Be3 Be7 13. Bxa6 Rxa6 14. Qe2 a4 15.
Rfb1 Na5 16. b4 axb3 17. Nxb3 Nb7 18. Qb2 O-O 19. Ne1 Nc6 20. Nc2 Rfa8 21. Bd2
Qe8 22. Nb4 Ra4 23. Qc3 Nca5 24. Nxa5 Nxa5 25. Qg3 Kh8 26. Nc2 Nc4 27. Bc1 Qc6
28. Rb3 Na5 29. Rc3 Rc4 30. Bb2 Rc8 31. Nb4 Bxb4 32. Rxc4 Nxc4 0-1

[Event "I Festival del Fermano A"]
[Site "Fermo ITA"]
[Date "2010.08.21"]
[Round "1"]
[White "Cordova, Emilio"]
[Black "Pescatore, Lorenzo"]
[Result "1-0"]
[WhiteElo "2560"]
[BlackElo "1980"]
[PlyCount "85"]
[EventDate "2010.08.21"]

1. d4 Nf6 2. Nf3 e6 3. e3 b6 4. Bd3 Bb7 5. O-O Be7 6. c4 d6 7. Nc3 Nbd7 8. Qe2
O-O 9. Rd1 c6 10. b3 Qc7 11. Bb2 e5 12. Rac1 Rfe8 13. Bb1 Rad8 14. b4 Bf8 15.
a3 c5 16. dxc5 dxc5 17. Nd5 Nxd5 18. cxd5 Nf6 19. e4 Qb8 20. Bc3 cxb4 21. axb4
Rc8 22. Qb2 Bd6 23. Nd2 Ba6 24. b5 Bb7 25. Bd3 Ba8 26. Re1 Nd7 27. Be2 Nc5 28.
Qb1 f5 29. exf5 e4 30. Nf1 Bxd5 31. f6 Ne6 32. Ne3 Bxh2+ 33. Kh1 Bb7 34. Bg4
Qf4 35. Qa2 Kf7 36. fxg7 Qh6 37. Nf5 Qf4 38. Rcd1 e3 39. Rd7+ Kg6 40. g8=Q+
Rxg8 41. Qxe6+ Kg5 42. Bf6+ Kxg4 43. Ng3+ 1-0

[Event "I Festival del Fermano A"]
[Site "Fermo ITA"]
[Date "2010.08.21"]
[Round "1"]
[White "Etxagibel Larranaga, Asier"]
[Black "Prohaszka, Peter"]
[Result "0-1"]
[WhiteElo "1976"]
[BlackElo "2526"]
[PlyCount "48"]
[EventDate "2010.08.21"]

1. d4 Nf6 2. Nf3 e6 3. c4 Bb4+ 4. Nbd2 b6 5. g3 Bb7 6. Bg2 c5 7. e3 cxd4 8.
exd4 O-O 9. O-O d5 10. a3 Be7 11. b3 a5 12. a4 Nc6 13. Bb2 Nb4 14. Ne5 Rc8 15.
Rc1 Rc7 16. f4 Nd7 17. Ndf3 dxc4 18. bxc4 Nxe5 19. Nxe5 Bxg2 20. Kxg2 Qa8+ 21.
Nf3 Rfc8 22. Qb3 Qa6 23. Nd2 Bf6 24. f5 Bg5 0-1

[Event "I Festival del Fermano A"]
[Site "Fermo ITA"]
[Date "2010.08.21"]
[Round "1"]
[White "Gargano, Lino"]
[Black "Fierro Baquero, Martha Lorena"]
[Result "0-1"]
[WhiteElo "1941"]
[BlackElo "2372"]
[PlyCount "102"]
[EventDate "2010.08.21"]

1. d4 g6 2. c4 Bg7 3. Nc3 Nf6 4. Nf3 O-O 5. e4 d6 6. Be3 Ng4 7. Be2 Nxe3 8.
fxe3 c5 9. O-O Nc6 10. Rb1 cxd4 11. Nxd4 Nxd4 12. exd4 Qb6 13. Nd5 Qxd4+ 14.
Qxd4 Bxd4+ 15. Kh1 e6 16. Nc7 Rb8 17. Nb5 Be5 18. Nxa7 Bd7 19. Nb5 Bc6 20. Bd3
b6 21. Rf2 f5 22. exf5 gxf5 23. Re1 Rf6 24. Re3 Rh6 25. h3 f4 26. Ref3 Bxf3 27.
Rxf3 Bxb2 28. Nxd6 Rd8 29. Ne4 Rg6 30. Bc2 Be5 31. Kg1 Kh8 32. Kf1 Rg7 33. Rf2
h6 34. Nd2 Bd4 35. Re2 Be3 36. Nf3 Rc7 37. Bb3 Rc5 38. Re1 e5 39. Nh4 e4 40.
Ng6+ Kg7 41. Ne7 Rd2 42. Re2 Rxe2 43. Kxe2 Rg5 44. Kf1 f3 45. g4 Bc5 46. Nf5+
Rxf5 47. gxf5 Kf6 48. Ba4 Kxf5 49. Bc6 Kf4 50. Be8 e3 51. Bh5 e2+ 0-1